|
|
|
|
| LEADER |
01804nam a2200433 a 4500 |
| 001 |
EBC865770 |
| 003 |
MiAaPQ |
| 005 |
20200520144314.0 |
| 006 |
m o d | |
| 007 |
cr cn||||||||| |
| 008 |
100120s2010 nyu sb 001 0 eng |
| 010 |
|
|
|z 2009053609
|
| 020 |
|
|
|z 9780814796207 (cl : alk. paper)
|
| 020 |
|
|
|z 0814796206 (cl : alk. paper)
|
| 020 |
|
|
|z 9780814796214 (pb : alk. paper)
|
| 020 |
|
|
|z 0814796214 (pb : alk. paper)
|
| 020 |
|
|
|a 0814796222 (electronic bk.)
|
| 020 |
|
|
|a 9780814796221 (electronic bk.)
|
| 035 |
|
|
|a (MiAaPQ)EBC865770
|
| 035 |
|
|
|a (Au-PeEL)EBL865770
|
| 035 |
|
|
|a (CaPaEBR)ebr10392344
|
| 035 |
|
|
|a (OCoLC)779828237
|
| 040 |
|
|
|a MiAaPQ
|c MiAaPQ
|d MiAaPQ
|
| 050 |
|
4 |
|a HF1379
|b .F35 2010
|
| 082 |
0 |
4 |
|a 382/.3
|2 22
|
| 245 |
0 |
0 |
|a Fair trade and social justice
|h [electronic resource] :
|b global ethnographies /
|c edited by Sarah M. Lyon and Mark Moberg.
|
| 260 |
|
|
|a New York :
|b New York University Press,
|c 2010.
|
| 300 |
|
|
|a viii, 307 p.
|
| 504 |
|
|
|a Includes bibliographical references and index.
|
| 505 |
0 |
|
|a pt. I. Global markets and local realities : regulating and expanding fair trade -- pt. II. Negotiating difference and identity in fair trade markets -- pt. III. Relationships and consumption in fair trade markets and alternative economies.
|
| 533 |
|
|
|a Electronic reproduction. Ann Arbor, MI : ProQuest, 2015. Available via World Wide Web. Access may be limited to ProQuest affiliated libraries.
|
| 650 |
|
0 |
|a International trade.
|
| 650 |
|
0 |
|a Competition, Unfair.
|
| 650 |
|
0 |
|a Social justice.
|
| 655 |
|
4 |
|a Electronic books.
|
| 700 |
1 |
|
|a Lyon, Sarah M.
|
| 700 |
1 |
|
|a Moberg, Mark,
|d 1959-
|
| 710 |
2 |
|
|a ProQuest (Firm)
|
| 856 |
4 |
0 |
|u https://ebookcentral.proquest.com/lib/matrademy/detail.action?docID=865770
|z Click to View
|